| 000 | 00431nam a2200157Ia 4500 | ||
|---|---|---|---|
| 008 | 230718s9999 xx 000 0 und d | ||
| 041 | _aeng | ||
| 082 |
_a658.4'038/RAO/024713 _bRAO |
||
| 100 |
_aRao N. J. _9116141 |
||
| 245 |
_aEffective Knowledge Management : _bEmerging Trends |
||
| 260 |
_c2005 _bICFAI Books |
||
| 300 | _a195 | ||
| 365 |
_cRs. _b350.00 |
||
| 700 |
_aRao N. J. _9116141 |
||
| 906 |
_d12/4/06/IPRESS/2006 _cIT |
||
| 999 |
_c313507 _d313507 |
||